[Event "FICGS class E 000003 email"]
[Site "FICGS email"]
[Date "2006.05.02"]
[Round "1"]
[White "Catois, Yann"]
[Black "Agustin, Santos"]
[Result "0-1"]
[WhiteElo "1560"]
[BlackElo "1091"]
[PlyCount "24"]
[EventDate "2006.??.??"]
[EventType "tourn (corr)"]
[EventRounds "5"]
[SourceTitle "Corr 2022"]
[Source "ChessBase"]
[SourceDate "2021.10.24"]
[SourceVersion "1"]
[SourceVersionDate "2021.10.24"]
[SourceQuality "1"]

1. e4 c5 2. Nf3 e6 3. d4 cxd4 4. Nxd4 Nf6 5. Nc3 Bb4 6. Bd2 d6 7. Bd3 Nc6 8. Nxc6 bxc6 9. a3 Ba5 10. 0-0 0-0 11. b4 Bb6 12. Qe2 Re8 0-1